|
|
|
|
| LEADER |
01166nam a2200289 a 4500 |
| 001 |
c000052137 |
| 003 |
CARM |
| 005 |
00000000000000.0 |
| 008 |
841030s1984 xnaa 00010 eng d |
| 019 |
1 |
|
|a 3471233
|z 42495520
|5 LACONCORD2021
|
| 020 |
|
|
|a 0908240643 :
|c $14.95 Aust.
|
| 035 |
|
|
|a (OCoLC)27586180
|5 LACONCORD2021
|
| 042 |
|
|
|a anuc
|
| 043 |
|
|
|a u-at-ne
|
| 100 |
1 |
|
|a Howard, Robyn.
|
| 245 |
1 |
0 |
|a Picturesque Sydney Harbour :
|b a history /
|c by Robyn Howard.
|
| 260 |
|
|
|a Sydney :
|b View Productions,
|c 1984.
|
| 300 |
|
|
|a 125 p. :
|b chiefly ill. ;
|c 31 cm.
|
| 500 |
|
|
|a Available from The Manager, View Productions, G.P.O. Box 1858, Sydney, N.S.W. 2001.
|
| 650 |
|
0 |
|a Harbors
|z New South Wales
|z Sydney
|x History
|x Pictorial works.
|
| 650 |
|
0 |
|a Harbors
|z New South Wales
|z Sydney
|x History.
|
| 651 |
|
0 |
|a Sydney (N.S.W.)
|x History
|x Pictorial works.
|
| 651 |
|
0 |
|a Sydney (N.S.W.)
|x History.
|
| 852 |
8 |
|
|b CARM
|h A3:AB15C2
|i D00130
|p 0011126
|f BK
|
| 082 |
0 |
4 |
|a 994.4/1/00222
|2 19
|
| 999 |
f |
f |
|i 5931cbca-e6d3-5ef1-b168-2019d719bdaf
|s f89c82a6-3e19-5cc6-b78b-43eb658643a1
|
| 952 |
f |
f |
|p Can circulate
|a CAVAL
|b CAVAL
|c CAVAL
|d CARM 1 Store
|e D00130
|f A3:AB15C2
|h Other scheme
|i book
|m 0011126
|